Sintaxe dos predicados nominais com estar (Registo nº 201440)

Detalhes MARC
000 -Etiqueta do registo
Valores 00680nam 22001933 4500
021 ## - Número do Depósito Legal
Número 35344/90
100 ## - Dados gerais de processamento
Dados gerais 20260320d u||y0pory50 ba
200 ## - Titulo e menção de responsabilidade
Título próprio Sintaxe dos predicados nominais com estar
Primeira menção de responsabilidade Elisabete Marques Ranchhod
210 ## - Publicação
Local de publicação Lisboa
Nome do editor Instituto Nacional de Investigação Científica, Centro de linguística da Universidade de Lisboa
Data de publicação 1990
215 ## - Descrição física 
Paginação / Volumes 477 p.
Outras indicações físicas brochado
Dimensões 24 cm
225 ## - Colecção 
Título próprio da colecção Linguistica
Número de parte ou secção 12
606 ## - Nome comum usado como assunto
ID Autoridade 11269
Palavra de ordem Questões gerais em linguística e literatura. Filologia
675 ## - CDU
Notação 80
Edição PT
Língua por
700 ## - Autor principal (pessoa individual)
ID Autoridade 16937
Apelido Ranchhod
Nome Elisabete Marques
801 ## - Fonte de origem
País PT
Agência BMMN
Regras de catalogação RPC
830 ## - Notas gerais do catalogador
Criado por Fernando
Indexado por Fernando
990 ## - Elementos KOHA
Tipo de documento Livro
Exemplares
Situação do levantamento Biblioteca de origem Código de barras Cota Permissão de empréstimo Tipo de documento Forma de aquisição
  Biblioteca Municipal de Montemor-o-Novo 30764 80 RAN|DEP   Livro Compra

Powered by Koha